| 000 | 00833cam a2200229 4500 | ||
|---|---|---|---|
| 001 | ABS62369 | ||
| 008 | 000000n2000 000 0 eng u | ||
| 035 | _a(Sirsi) u106251 | ||
| 100 | _aLevy, D. | ||
| 245 | _aClamp down on parking | ||
| 260 | _c2000 | ||
| 490 |
_aEstates Gazette _v(0019) 13 May 2000, 142(1) |
||
| 520 | _a"Vine v Waltham Forest LBC" 2000 upholds a landlord's right to clamp trespassing vehicles, but only when the correct procedures are followed. These include the display of clear warning notices of the clamping of unauthorised vehicles, reasonable release fees, and quick release upon payment of the fee. | ||
| 590 | _aABS | ||
| 650 | _aVINE V WALTHAM FOREST LBC | ||
| 650 | _aPRIVATE LAND | ||
| 650 | _aTRESPASS | ||
| 650 | _aCLAMPING | ||
| 650 | _aPARKING | ||
| 690 | _aPROPERTY | ||
| 942 | _n0 | ||
| 999 |
_c63633 _d63633 |
||